000 00498nam a2200193Ia 4500
005 20250423094643.0
008 250422s9999 xx 000 0 und d
020 _a0072881305
050 _aHD 60 .L397/
100 _aLawrence, Anne T.
245 0 _aBusiness and society : stakeholders, ethics, public policy
250 _a11th ed.
260 _aBoston
260 _bMcGraw-Hill/Irwin
260 _cc2005
300 _a535 p
650 _aSocial responsibility of business.
942 _cBK
999 _c27891
_d27891